[Event "Frankfurt Ch 2014"]
[Site "Ffm-Höchst, BiKuZ"]
[Date "2014.05.26"]
[Round "5.27"]
[White "Kropp, Volker"]
[Black "Mühlbach, Christian"]
[Result "1/2-1/2"]
[WhiteElo "1892"]
[BlackElo "1683"]
[PlyCount "80"]
[EventDate "2014.??.??"]
[WhiteTeam "SV Mainz-Mombach"]
[BlackTeam "SK Langen"]

1. d4 d5 2. Nf3 Nf6 3. e3 Bf5 4. Bd3 Bg4 5. c4 c6 6. Nc3 e6 7. Qb3 Qc7 8. Ne5
Nbd7 9. Nxg4 Nxg4 10. cxd5 exd5 11. h3 Ngf6 12. Bd2 Bd6 13. Rc1 a6 14. O-O O-O
15. f4 Rfe8 16. Rf3 Re7 17. g4 Qb6 18. Qc2 Nf8 19. Kh1 Rae8 20. Rg1 Ne4 21.
Bxe4 dxe4 22. Rf2 Qc7 23. Ne2 Qd7 24. Ng3 g6 25. Bc3 Qe6 26. Nf5 Qd5 27. Nxe7+
Bxe7 28. b3 Ne6 29. Qe2 b5 30. g5 Ng7 31. Qg4 Nf5 32. Re1 b4 33. Ba1 a5 34. Kh2
Ra8 35. Qd1 h5 36. Qc2 Nh4 37. Rc1 Rc8 38. Qc4 Qf5 39. d5 c5 40. Kg3 Bxg5
1/2-1/2

[Event "Frankfurt Ch 2014"]
[Site "Ffm-Höchst, BiKuZ"]
[Date "2014.05.26"]
[Round "5.28"]
[White "Fußnecker, Manfred"]
[Black "Leibold, Mathias"]
[Result "1-0"]
[WhiteElo "1870"]
[BlackElo "1682"]
[PlyCount "65"]
[EventDate "2014.??.??"]
[WhiteTeam "SF Frankfurt 1921"]
[BlackTeam "SV 1926 Fechenheim"]

1. e4 c5 2. Nf3 Nc6 3. Bb5 d6 4. d4 cxd4 5. Qxd4 Bd7 6. Bxc6 bxc6 7. O-O Qb6 8.
Qc3 Nf6 9. Nbd2 Be6 10. Nd4 Bd7 11. Nc4 Qc5 12. Re1 d5 13. exd5 cxd5 14. Ne5
Qxc3 15. bxc3 Ne4 16. c4 Nc3 17. Bd2 Ne4 18. Bb4 a5 19. Ba3 Nf6 20. Nxd7 Kxd7
21. c5 e6 22. Rab1 Kc7 23. Rb6 Ne4 24. Reb1 Nd2 25. Rc6+ Kd8 26. Rb7 Ke8 27.
Rcc7 Nc4 28. Bc1 h6 29. Rxf7 Bxc5 30. Nxe6 Bb4 31. c3 Ne5 32. Rxg7 Bf8 33. Nc7+
1-0

[Event "Frankfurt Ch 2014"]
[Site "Ffm-Höchst, BiKuZ"]
[Date "2014.05.26"]
[Round "5.29"]
[White "Rauscher, Joachim"]
[Black "Geringer, Waldemar"]
[Result "1-0"]
[WhiteElo "1697"]
[BlackElo "1858"]
[PlyCount "81"]
[EventDate "2014.??.??"]
[WhiteTeam "SC Brett vorm Kopp Ffm"]
[BlackTeam "SSG Rödermark/Eppertshausen"]

1. e4 c5 2. Nf3 d6 3. d4 cxd4 4. Nxd4 Nf6 5. Nc3 a6 6. Be3 e5 7. Nf3 Be6 8. Ng5
Bg4 9. Qd2 h6 10. Nf3 Nbd7 11. Bc4 Qc7 12. Bb3 b5 13. h3 Bh5 14. Nh4 Nc5 15.
Nd5 Qd8 16. Nxf6+ Qxf6 17. Qd5 Rc8 18. Nf5 Bg6 19. g4 Bxf5 20. gxf5 Be7 21.
O-O-O g6 22. fxg6 Nxb3+ 23. axb3 fxg6 24. f4 Rf8 25. fxe5 Qxe5 26. Qxe5 dxe5
27. Rd5 Rf3 28. Bxh6 Kf7 29. Kb1 Rh8 30. Bd2 g5 31. Rg1 Rhxh3 32. Rxe5 Rhg3 33.
Rh1 Bf6 34. Rc5 Rg2 35. Bc3 Re2 36. e5 Be7 37. Rh7+ Ke8 38. Rc7 Rf1+ 39. Ka2
Rf7 40. Rc8+ Bd8 41. Rxd8+ 1-0

[Event "Frankfurt Ch 2014"]
[Site "Ffm-Höchst, BiKuZ"]
[Date "2014.05.26"]
[Round "5.30"]
[White "Mosig, Rainer"]
[Black "Miller, Justin"]
[Result "1-0"]
[WhiteElo "1854"]
[BlackElo "1634"]
[PlyCount "67"]
[EventDate "2014.??.??"]
[WhiteTeam "SC 1979 Hattersheim"]
[BlackTeam "Sfr.1932 Kelkheim"]

1. d4 Nf6 2. c4 e6 3. Nf3 d5 4. Nc3 c6 5. Bg5 Nbd7 6. e3 h6 7. Bh4 Bd6 8. Qc2
O-O 9. Bd3 dxc4 10. Bxc4 Qc7 11. O-O Nd5 12. Ne4 N7b6 13. Bb3 f5 14. Nxd6 Qxd6
15. Bg3 Qe7 16. Ne5 Qf6 17. Rae1 Nd7 18. f3 Re8 19. Nxd7 Bxd7 20. Be5 Qe7 21.
e4 fxe4 22. Rxe4 Nf6 23. Rh4 Rf8 24. Qd3 a6 25. Bc2 Rac8 26. b4 b5 27. f4 Ra8
28. Rf3 Rf7 29. Rfh3 Kf8 30. Qb3 Kg8 31. Bg6 Rff8 32. Qg3 Qxb4 33. Rxh6 gxh6
34. Rxh6 1-0

[Event "Frankfurt Ch 2014"]
[Site "Ffm-Höchst, BiKuZ"]
[Date "2014.05.26"]
[Round "5.31"]
[White "Bastian, Holger"]
[Black "Kretner, Georg-Ulrich"]
[Result "0-1"]
[WhiteElo "1680"]
[BlackElo "1838"]
[PlyCount "104"]
[EventDate "2014.??.??"]
[WhiteTeam "Aschaffenburg- Schweinheim"]
[BlackTeam "SC Bad Nauheim"]

1. e4 g6 2. d4 Bg7 3. Nc3 d6 4. Be2 Nf6 5. g4 h5 6. g5 Ng8 7. Nf3 Nd7 8. Nh4 c5
9. d5 Qa5 10. Bd2 a6 11. f4 Qb4 12. Bf3 Qxb2 13. Rb1 Qa3 14. Rb3 Qa5 15. Qe2
Qc7 16. e5 dxe5 17. f5 Nf8 18. Be4 gxf5 19. Nxf5 Bxf5 20. Bxf5 e6 21. Be4 Rb8
22. Rf1 Ne7 23. Qf3 Neg6 24. Ne2 exd5 25. Bxd5 Ne6 26. Bxe6 fxe6 27. Qe4 Ne7
28. Qc4 Qc6 29. Ng3 Qd5 30. Qa4+ Qc6 31. Qc4 b5 32. Qe2 c4 33. Re3 Nd5 34. Re4
Nf4 35. Bxf4 h4 36. Nh5 O-O 37. Bxe5 Rxf1+ 38. Kxf1 Bxe5 39. Rxe5 Qh1+ 40. Kf2
Qxh2+ 41. Ke1 Qg1+ 42. Qf1 Qd4 43. Re2 Qa1+ 44. Kf2 Qd4+ 45. Re3 Rf8+ 46. Nf6+
Kg7 47. Qe2 Qf4+ 48. Ke1 Qxg5 49. Ng4 h3 50. Rxe6 Qc1+ 51. Qd1 Rf1+ 52. Kxf1
Qxd1+ 0-1

[Event "Frankfurt Ch 2014"]
[Site "Ffm-Höchst, BiKuZ"]
[Date "2014.05.26"]
[Round "5.32"]
[White "Liebske, Reiner"]
[Black "Bittner, Peter"]
[Result "1-0"]
[WhiteElo "1680"]
[BlackElo "1827"]
[PlyCount "73"]
[EventDate "2014.??.??"]
[WhiteTeam "SV Frankfurt Nord 1926"]
[BlackTeam "SC 1961 König Nied"]

1. e4 c6 2. d4 d5 3. Nc3 dxe4 4. Nxe4 Nf6 5. Nxf6+ gxf6 6. Bc4 Bf5 7. Be3 Nd7
8. Nf3 Qc7 9. Qd2 e6 10. Nh4 Bg6 11. Nxg6 hxg6 12. h3 O-O-O 13. O-O-O Bg7 14.
f4 Nb6 15. Bb3 c5 16. c3 cxd4 17. Bxd4 e5 18. Bxb6 axb6 19. Qe2 exf4 20. Rxd8+
Rxd8 21. Re1 Bf8 22. Qc4 Bc5 23. Qxf7 Qxf7 24. Bxf7 Be3+ 25. Kb1 Rd2 26. Bxg6
Rxg2 27. Bf5+ Kc7 28. Be4 Rg3 29. h4 f3 30. Kc2 f2 31. Rf1 Rg4 32. Kd3 Rg3 33.
Ke2 Bc5 34. Bf3 b5 35. h5 b4 36. cxb4 Rg1 37. bxc5 1-0

[Event "Frankfurt Ch 2014"]
[Site "Ffm-Höchst, BiKuZ"]
[Date "2014.05.26"]
[Round "5.33"]
[White "Balzereit, Georg"]
[Black "Barisch, Florian"]
[Result "0-1"]
[WhiteElo "1632"]
[BlackElo "1822"]
[PlyCount "76"]
[EventDate "2014.??.??"]
[WhiteTeam "vereinslos"]
[BlackTeam "SF Anderssen Wetzlar"]

1. e4 c5 2. d4 cxd4 3. c3 dxc3 4. Nxc3 Nc6 5. Nf3 e6 6. Bc4 a6 7. O-O Nge7 8.
Bg5 f6 9. Bf4 Ng6 10. Bg3 Be7 11. Qe2 O-O 12. Rfd1 Qa5 13. a3 b5 14. b4 Qb6 15.
Ba2 Kh8 16. Rac1 Nge5 17. Nh4 g5 18. Nf3 Nxf3+ 19. Qxf3 a5 20. Bd6 axb4 21.
Bxe7 Nxe7 22. axb4 Ng6 23. Qh5 Ne5 24. Bb1 Rf7 25. Bd3 Ba6 26. Ne2 Rg7 27. Bb1
Rg6 28. Ng3 Bb7 29. Qe2 Rgg8 30. Bd3 Bc6 31. Rc5 Rab8 32. Nh5 Rg6 33. Kh1 Rh6
34. Ng3 d6 35. Rcc1 Ra8 36. Nh5 Ra3 37. Bb1 Qb8 38. Kg1 Ra4 0-1

[Event "Frankfurt Ch 2014"]
[Site "Ffm-Höchst, BiKuZ"]
[Date "2014.05.26"]
[Round "5.34"]
[White "Straub, Fabian"]
[Black "Krischak, Werner"]
[Result "0-1"]
[WhiteElo "1816"]
[BlackElo "1609"]
[PlyCount "60"]
[EventDate "2014.??.??"]
[WhiteTeam "SV Frankfurt Nord 1926"]
[BlackTeam "SK Marburg 1931/72"]

1. e4 c6 2. d4 d5 3. exd5 cxd5 4. Bd3 Nc6 5. c3 Qc7 6. g3 Nf6 7. Nf3 Bg4 8. Bf4
Qb6 9. b3 e6 10. Nbd2 Be7 11. Qc2 O-O 12. h3 Bh5 13. O-O Rac8 14. Qb2 Qa5 15.
Rac1 Ba3 16. Qb1 Bxc1 17. Rxc1 Bg6 18. Bxg6 hxg6 19. Ng5 Nh5 20. Be3 Ne7 21. c4
Nf5 22. Nf1 dxc4 23. h4 Nxe3 24. Nxe3 cxb3 25. Rxc8 Rxc8 26. axb3 Nf6 27. Nc4
Qd5 28. Nxf7 Kxf7 29. Ne5+ Kg8 30. Qxg6 Rc1+ 0-1

[Event "Frankfurt Ch 2014"]
[Site "Ffm-Höchst, BiKuZ"]
[Date "2014.05.26"]
[Round "5.35"]
[White "Cors, Heinz-Friedrich"]
[Black "Gude, Michael"]
[Result "1-0"]
[WhiteElo "1811"]
[BlackElo "1587"]
[PlyCount "55"]
[EventDate "2014.??.??"]
[WhiteTeam "Schachforum Darmstadt 1994"]
[BlackTeam "SF Fürth 1951 e.V."]

1. e4 e5 2. Bc4 Nf6 3. d3 Bc5 4. Nf3 d6 5. c3 a6 6. Bb3 h6 7. Nbd2 Nc6 8. Nf1
Ng4 9. d4 exd4 10. cxd4 Bb4+ 11. Bd2 Qe7 12. Ng3 Bxd2+ 13. Qxd2 O-O 14. O-O Bd7
15. Rfe1 Rac8 16. Rac1 Rfe8 17. h3 Nf6 18. e5 dxe5 19. dxe5 Nh7 20. Ne4 Rcd8
21. Qf4 Nf8 22. Nf6+ gxf6 23. exf6 Qd6 24. Qxh6 Ne6 25. Rxe6 Qf8 26. Rxe8 Rxe8
27. Qg5+ Kh8 28. Rc4 1-0

[Event "Frankfurt Ch 2014"]
[Site "Ffm-Höchst, BiKuZ"]
[Date "2014.05.26"]
[Round "5.36"]
[White "Wagner, Günter"]
[Black "Krüger, Till"]
[Result "0-1"]
[WhiteElo "1634"]
[BlackElo "1803"]
[PlyCount "80"]
[EventDate "2014.??.??"]
[WhiteTeam "SV 1946 Groß-Gerau"]
[BlackTeam "SC Nidderau"]

1. Nf3 Nf6 2. g3 g6 3. Bg2 Bg7 4. O-O c5 5. d3 O-O 6. c4 Nc6 7. Nc3 d5 8. cxd5
Nxd5 9. Bd2 Nxc3 10. Bxc3 Qc7 11. Bxg7 Kxg7 12. Qb3 Qd6 13. Rfd1 e5 14. Rac1
Rb8 15. Qc4 b6 16. a3 Be6 17. Qh4 f6 18. e3 Bb3 19. Rd2 Rbd8 20. Rc3 Be6 21.
Qa4 Bd7 22. Qc2 a5 23. Ne1 Na7 24. Qd1 Nb5 25. Rcc2 Be6 26. a4 Na7 27. Rc3 Nc6
28. Nc2 Nb4 29. Na3 Na2 30. Qc2 Nxc3 31. bxc3 c4 32. d4 Qxa3 33. d5 Bd7 34. f4
Bxa4 35. Qe4 Qc1+ 36. Bf1 Qxd2 37. fxe5 f5 38. Qf4 Qxd5 39. e6 Qxe6 40. Qc7+
Rd7 0-1

[Event "Frankfurt Ch 2014"]
[Site "Ffm-Höchst, BiKuZ"]
[Date "2014.05.26"]
[Round "5.37"]
[White "Hierling, Stefan"]
[Black "Zimmer, Gerald"]
[Result "1-0"]
[WhiteElo "1926"]
[BlackElo "1832"]
[PlyCount "62"]
[EventDate "2014.??.??"]
[WhiteTeam "VSG 1880 Offenbach"]
[BlackTeam "SC Bergen-Enkheim 1922"]

1. e4 e6 2. d4 d5 3. exd5 exd5 4. Bd3 Nc6 5. c3 Bd6 6. h3 Nf6 7. Bg5 h6 8. Qe2+
Be6 9. Be3 Qd7 10. Nd2 Ne7 11. g4 g5 12. Ngf3 c6 13. Ne5 Qc7 14. f4 gxf4 15.
Bxf4 O-O-O 16. O-O-O Nd7 17. Bh2 c5 18. Nxd7 Rxd7 19. Bb5 Rdd8 20. dxc5 Bxh2
21. Rxh2 d4 22. Nb3 dxc3 23. Rxd8+ Rxd8 24. bxc3 Bxb3 25. axb3 Qxc5 26. Qc4 Rd5
27. Rf2 f5 28. gxf5 Nxf5 29. b4 Rd1+ 30. Kxd1 Ne3+ 31. Ke2 Nxc4 1-0

[Event "Frankfurt Ch 2014"]
[Site "Ffm-Höchst, BiKuZ"]
[Date "2014.05.26"]
[Round "5.38"]
[White "Bergner, Matthias"]
[Black "Larem, Peter"]
[Result "0-1"]
[WhiteElo "1557"]
[BlackElo "1763"]
[PlyCount "62"]
[EventDate "2014.??.??"]
[WhiteTeam "SV 1926 Neu-Isenburg"]
[BlackTeam "SSG Rödermark/Eppertshausen"]

1. d4 Nf6 2. Nf3 g6 3. g3 Bg7 4. Bg2 O-O 5. O-O d6 6. b3 Nbd7 7. Bb2 Re8 8.
Nbd2 e5 9. dxe5 dxe5 10. e4 c6 11. Re1 b5 12. a4 Bb7 13. Bf1 a6 14. Qe2 Qc7 15.
Qe3 Rad8 16. Bd3 Bf8 17. axb5 cxb5 18. c4 Nc5 19. Bc2 b4 20. Qg5 Nfd7 21. Rad1
f6 22. Qe3 Ne6 23. Re2 Bc5 24. Qh6 Nd4 25. Nxd4 exd4 26. Rde1 Ne5 27. Bd1 d3
28. Bxe5 Qxe5 29. Re3 Bxe3 30. Rxe3 Qb2 31. Nf1 Bxe4 0-1

[Event "Frankfurt Ch 2014"]
[Site "Ffm-Höchst, BiKuZ"]
[Date "2014.05.26"]
[Round "5.39"]
[White "Hinz, André"]
[Black "Raquet, Helmut"]
[Result "1-0"]
[WhiteElo "1760"]
[BlackElo "1662"]
[PlyCount "61"]
[EventDate "2014.??.??"]
[WhiteTeam "VfB 07 Lettin"]
[BlackTeam "SC 1961 König Nied"]

1. c4 f5 2. g3 e6 3. Bg2 d5 4. cxd5 exd5 5. Nc3 c6 6. d4 Bd6 7. Nf3 Nf6 8. Bg5
O-O 9. O-O Qe8 10. Bh3 Qh5 11. Bxf6 Rxf6 12. Bg2 f4 13. Qb3 Rh6 14. Rac1 Nd7
15. e4 fxg3 16. fxg3 Nb6 17. exd5 cxd5 18. Ne4 Bg4 19. Nxd6 Bxf3 20. Rxf3 Rxd6
21. Rcf1 Rad8 22. Qe3 Re8 23. Qe7 Rdd8 24. Qxb7 Rd7 25. Qc6 Qg6 26. Qc5 Qd6 27.
Bh3 Rdd8 28. b3 h6 29. Rf7 Qb8 30. a4 Rf8 31. Rxf8+ 1-0

[Event "Frankfurt Ch 2014"]
[Site "Ffm-Höchst, BiKuZ"]
[Date "2014.05.26"]
[Round "5.40"]
[White "Schellen, Sven"]
[Black "Zerhusen, Martin"]
[Result "1-0"]
[WhiteElo "1749"]
[BlackElo "1587"]
[PlyCount "45"]
[EventDate "2014.??.??"]
[WhiteTeam "SF Frankfurt 1921"]
[BlackTeam "SV Oberursel"]

1. d4 d5 2. c4 c6 3. Nc3 Nf6 4. Nf3 e6 5. g3 Be7 6. Bg2 O-O 7. O-O b6 8. Qc2
Bb7 9. Rd1 Nbd7 10. b3 c5 11. dxc5 Bxc5 12. Nd4 Qc8 13. cxd5 Bxd4 14. Rxd4 Bxd5
15. Bxd5 Nxd5 16. Rc4 Qb7 17. Nxd5 Qxd5 18. Ba3 Rfd8 19. Rd1 Qg5 20. h4 Qf6 21.
Rf4 Rac8 22. Qb1 Qe5 23. Be7 1-0

[Event "Frankfurt Ch 2014"]
[Site "Ffm-Höchst, BiKuZ"]
[Date "2014.05.26"]
[Round "5.41"]
[White "Lemonidis, Christos"]
[Black "Knott, Tilo"]
[Result "0-1"]
[WhiteElo "1741"]
[BlackElo "1571"]
[PlyCount "130"]
[EventDate "2014.??.??"]
[WhiteTeam "SC 1961 König Nied"]
[BlackTeam "SC Brett vorm Kopp Ffm"]

1. e4 d5 2. exd5 Qxd5 3. Nc3 Qa5 4. Bc4 Nf6 5. d3 c6 6. Bd2 Qc7 7. Nge2 Bg4 8.
f3 Bf5 9. Ng3 Bg6 10. f4 e6 11. O-O Bc5+ 12. Kh1 Bd6 13. Nce4 Nbd7 14. Nxd6+
Qxd6 15. f5 Bxf5 16. Nxf5 exf5 17. Bf4 Qc5 18. b4 Qb6 19. Qe1+ Kd8 20. Bxf7 Rf8
21. Qe6 c5 22. bxc5 Qxe6 23. Bxe6 Nxc5 24. Bxf5 Ncd7 25. Bg5 Kc7 26. Bf4+ Kc6
27. Rab1 g6 28. Bh3 Nd5 29. Bh6 Rxf1+ 30. Rxf1 Re8 31. g3 Re2 32. c4 Ne3 33.
Bxe3 Rxe3 34. Bxd7+ Kxd7 35. Rf7+ Kc6 36. d4 Re1+ 37. Kg2 Re2+ 38. Rf2 Re7 39.
Rf6+ Kc7 40. Kf3 Kd7 41. a4 Ke8 42. h4 Re1 43. Kg4 Ke7 44. Kg5 Re3 45. Rf4
Rxg3+ 46. Kh6 Ke6 47. Kxh7 g5 48. Re4+ Kf6 49. h5 Rh3 50. h6 Kf7 51. d5 Rh4 52.
Rxh4 gxh4 53. d6 h3 54. d7 Ke7 55. Kg7 h2 56. h7 h1=Q 57. h8=Q Qxh8+ 58. Kxh8
Kxd7 59. Kg7 Kd6 60. a5 Kc5 61. Kf6 Kxc4 62. Ke5 Kb5 63. a6 Kxa6 64. Kd4 Kb5
65. Kc3 Ka4 0-1

[Event "Frankfurt Ch 2014"]
[Site "Ffm-Höchst, BiKuZ"]
[Date "2014.05.26"]
[Round "5.42"]
[White "Koch, Thomas"]
[Black "Heun, Andreas"]
[Result "0-1"]
[WhiteElo "1734"]
[BlackElo "1541"]
[PlyCount "92"]
[EventDate "2014.??.??"]
[WhiteTeam "SV 1934 Ffm-Griesheim"]
[BlackTeam "SC Ladja Roßdorf"]

1. e4 d5 2. exd5 Qxd5 3. Qf3 Nf6 4. Nc3 Qa5 5. Bc4 c6 6. Qe3 Bf5 7. Bb3 e6 8.
Nge2 Bd6 9. f3 Nbd7 10. Ne4 Nxe4 11. fxe4 Bg6 12. c3 Qc7 13. g3 Nf6 14. d3 Ng4
15. Qf3 Ne5 16. Qe3 Ng4 17. Qg1 Ne5 18. Qe3 Ng4 19. Qd2 O-O-O 20. Nf4 Bxf4 21.
gxf4 Bxe4 22. O-O Bxd3 23. Re1 Qb6+ 24. Re3 Nxe3 25. Qxe3 Qxe3+ 26. Bxe3 a6 27.
Bd4 h5 28. Kf2 Rhg8 29. Rg1 g6 30. h4 Bf5 31. Ke2 Bg4+ 32. Ke3 Rd7 33. Ke4 Rgd8
34. Ba4 Rd5 35. b4 Bf5+ 36. Ke3 b5 37. Bb3 R5d6 38. a4 Kb7 39. a5 Rf8 40. Bd1
f6 41. Be2 Rd7 42. Bc5 Re8 43. c4 e5 44. Kf3 Bg4+ 45. Rxg4 hxg4+ 46. Kxg4 exf4
0-1

[Event "Frankfurt Ch 2014"]
[Site "Ffm-Höchst, BiKuZ"]
[Date "2014.05.26"]
[Round "5.44"]
[White "Friedel, Thomas"]
[Black "Fischer, Lutz"]
[Result "1-0"]
[WhiteElo "1447"]
[BlackElo "1671"]
[PlyCount "25"]
[EventDate "2014.??.??"]
[WhiteTeam "SV 1946 Groß-Gerau"]
[BlackTeam "SF Frankfurt 1921"]

1. e4 e6 2. d4 d5 3. e5 c5 4. c3 Nc6 5. Nf3 Qb6 6. Be2 cxd4 7. cxd4 Nh6 8. Nc3
Nf5 9. Bb5 Bd7 10. Bxc6 bxc6 11. Na4 Bb4+ 12. Bd2 Nxd4 13. Nxb6 1-0

[Event "Frankfurt Ch 2014"]
[Site "Ffm-Höchst, BiKuZ"]
[Date "2014.05.26"]
[Round "5.45"]
[White "Tiraspolski, Arkadij"]
[Black "Reichel, Rolf"]
[Result "0-1"]
[WhiteElo "1664"]
[BlackElo "1535"]
[PlyCount "108"]
[EventDate "2014.??.??"]
[WhiteTeam "vereinslos"]
[BlackTeam "SF Frankfurt 1921"]

1. e4 c5 2. Nf3 Nc6 3. d4 cxd4 4. Nxd4 d6 5. Nc3 a6 6. Bg5 Qa5 7. f4 Nf6 8. Qd2
e6 9. Nb3 Qb6 10. O-O-O Be7 11. Bc4 Qc7 12. Rhe1 Bd7 13. Bxf6 gxf6 14. Qe3 b5
15. Bd3 Na7 16. f5 b4 17. Ne2 e5 18. Kb1 a5 19. Nd2 a4 20. Bc4 Nb5 21. Ka1 Bc6
22. c3 a3 23. b3 bxc3 24. Nxc3 Nxc3 25. Qxc3 Qb6 26. Qe3 Qxe3 27. Rxe3 Bd8 28.
Rd3 Ke7 29. Bd5 Ra6 30. Nc4 Bxd5 31. Rxd5 Bc7 32. b4 Rd8 33. R1d3 Rb8 34. b5
Ra4 35. Nxa3 Rxe4 36. Kb2 Re2+ 37. Nc2 Rxg2 38. Rc3 Bb6 39. Rc6 Bc5 40. Rc7+
Kf8 41. a4 Rxh2 42. Rdxc5 dxc5 43. Rxc5 e4 44. Kb3 Ke7 45. Nd4 Kd6 46. Kb4 Rb2+
47. Kc4 Ra8 48. Rc6+ Kd7 49. Nb3 Rc2+ 50. Kd5 Rxc6 51. bxc6+ Kc7 52. Kxe4 Rxa4+
53. Nd4 Rxd4+ 54. Kxd4 Kxc6 0-1

[Event "Frankfurt Ch 2014"]
[Site "Ffm-Höchst, BiKuZ"]
[Date "2014.05.26"]
[Round "5.46"]
[White "Stock, Jürgen"]
[Black "Marchese, Eric"]
[Result "0-1"]
[WhiteElo "1780"]
[BlackElo "1458"]
[PlyCount "62"]
[EventDate "2014.??.??"]
[WhiteTeam "SC Eschborn 1974"]
[BlackTeam "SC Matt im Park Ffm"]

1. d4 Nf6 2. c3 d5 3. Bg5 g6 4. e3 Ne4 5. Bh4 Nd6 6. Bd3 Bf5 7. Nf3 Nd7 8. O-O
Bh6 9. Qc2 O-O 10. Nbd2 Bxd3 11. Qxd3 Nf5 12. Bg5 Bxg5 13. Nxg5 e5 14. Nh3 e4
15. Qb5 Nf6 16. c4 Nd6 17. Qb3 dxc4 18. Nxc4 Nxc4 19. Qxc4 Nd5 20. Rac1 c6 21.
b4 Rc8 22. b5 cxb5 23. Qxb5 Nc3 24. Qb2 Qa5 25. Nf4 a6 26. Rc2 Rc7 27. Rfc1
Rfc8 28. g3 g5 29. Nh5 Ne2+ 30. Rxe2 Rxc1+ 31. Kg2 Qf5 0-1

[Event "Frankfurt Ch 2014"]
[Site "Ffm-Höchst, BiKuZ"]
[Date "2014.05.26"]
[Round "5.47"]
[White "Imelmann, Esther"]
[Black "Hartmann, Stephan"]
[Result "1-0"]
[WhiteElo "1662"]
[BlackElo "1516"]
[PlyCount "75"]
[EventDate "2014.??.??"]
[WhiteTeam "Vorw.Orient Mainz"]
[BlackTeam "SG Turm Idstein"]

1. d4 d5 2. c4 c6 3. Nc3 dxc4 4. e3 b5 5. a4 b4 6. Ne4 a5 7. Bxc4 e6 8. Nf3 Nf6
9. Qc2 Ra7 10. O-O Ba6 11. Bxa6 Rxa6 12. Bd2 Nxe4 13. Qxe4 Be7 14. Rac1 O-O 15.
Rc2 Qd5 16. Qxd5 cxd5 17. Rfc1 f6 18. Ne1 Kf7 19. Nd3 Bd6 20. Nc5 Ra7 21. Nb3
Re8 22. h3 Ree7 23. Rc8 Rec7 24. R1xc7+ Bxc7 25. Nxa5 Bd6 26. Nb3 Rxa4 27. Kf1
Nd7 28. Rc6 Ke7 29. Ke2 e5 30. f3 Ra2 31. Bc1 Ra7 32. Kd3 Nb8 33. Rb6 Nd7 34.
Rb5 Ke6 35. Bd2 Ra4 36. Rb7 f5 37. e4 fxe4+ 38. fxe4 1-0

[Event "Frankfurt Ch 2014"]
[Site "Ffm-Höchst, BiKuZ"]
[Date "2014.05.26"]
[Round "5.48"]
[White "Jung, Bernd"]
[Black "Kletzerman, Simon"]
[Result "1-0"]
[WhiteElo "1618"]
[BlackElo "1512"]
[PlyCount "39"]
[EventDate "2014.??.??"]
[WhiteTeam "Sfr.Erbach"]
[BlackTeam "SAbt TuS Makkabi Ffm"]

1. e4 e5 2. Nf3 Nf6 3. Nxe5 Nxe4 4. Qe2 Qe7 5. Qxe4 d6 6. d4 Nd7 7. Bd3 dxe5 8.
O-O exd4 9. Qxd4 Nf6 10. Bd2 Be6 11. Re1 Qd7 12. Qxd7+ Kxd7 13. Nc3 c6 14. Rad1
Bd6 15. Ne4 Nxe4 16. Bxe4 Kc7 17. Bc3 Rag8 18. Rd3 b5 19. Ba5+ Kd7 20. Red1 1-0

[Event "Frankfurt Ch 2014"]
[Site "Ffm-Höchst, BiKuZ"]
[Date "2014.05.26"]
[Round "5.49"]
[White "Kißler, Johann"]
[Black "Jeß, Geralf"]
[Result "1/2-1/2"]
[WhiteElo "1531"]
[BlackElo "1611"]
[PlyCount "51"]
[EventDate "2014.??.??"]
[WhiteTeam "Sfr. Hochheim"]
[BlackTeam "SC Matt im Park Ffm"]

1. Nf3 d5 2. d4 Nf6 3. h3 Nc6 4. Bf4 g6 5. e3 Bg7 6. Be2 O-O 7. O-O Re8 8. c4
e6 9. Nc3 a6 10. Rc1 dxc4 11. Bxc4 Nd5 12. Bg3 b5 13. Be2 Bb7 14. Ne4 Bf8 15.
Nc5 Bxc5 16. Rxc5 f6 17. e4 Nde7 18. d5 exd5 19. exd5 Ne5 20. Nxe5 fxe5 21. Bf3
Nf5 22. Bg4 Nxg3 23. fxg3 Bc8 24. Qf3 Qe7 25. Rc6 Bxg4 26. Qxg4 1/2-1/2

[Event "Frankfurt Ch 2014"]
[Site "Ffm-Höchst, BiKuZ"]
[Date "2014.05.26"]
[Round "5.50"]
[White "Winter, Olaf"]
[Black "Gelfenbaum, Daniel"]
[Result "1/2-1/2"]
[WhiteElo "1605"]
[BlackElo "1510"]
[PlyCount "72"]
[EventDate "2014.??.??"]
[WhiteTeam "SK Bad Homburg 1927"]
[BlackTeam "SAbt TuS Makkabi Ffm"]

1. c4 e5 2. Nc3 Nf6 3. e3 d5 4. cxd5 Nxd5 5. g3 Be7 6. Bg2 Nb6 7. Nge2 Nc6 8.
a3 O-O 9. Qc2 Be6 10. b3 f5 11. Bxc6 bxc6 12. d4 Bf6 13. dxe5 Bxe5 14. Bb2 Qd7
15. Rd1 Qf7 16. Nc1 Rad8 17. O-O Bf6 18. N3e2 Bxb2 19. Qxb2 Rd6 20. Rxd6 cxd6
21. Nd4 c5 22. Nxe6 Qxe6 23. Nd3 Nd5 24. Qc2 f4 25. exf4 Nxf4 26. Re1 Nh3+ 27.
Kg2 Qg4 28. Qd1 Qxd1 29. Rxd1 Ng5 30. Nf4 Rd8 31. h4 Ne4 32. f3 Nf6 33. g4 Kf7
34. g5 Ne8 35. Kg3 Nc7 36. Rc1 Ne6 1/2-1/2

[Event "Frankfurt Ch 2014"]
[Site "Ffm-Höchst, BiKuZ"]
[Date "2014.05.26"]
[Round "5.52"]
[White "Popp, Matthias"]
[Black "Bock, Mario"]
[Result "1-0"]
[WhiteElo "1530"]
[BlackElo "1575"]
[PlyCount "107"]
[EventDate "2014.??.??"]
[WhiteTeam "SC Bergen-Enkheim 1922"]
[BlackTeam "SF Frankfurt 1921"]

1. d4 e6 2. Nf3 c5 3. c3 Nc6 4. e4 d5 5. Nbd2 Qb6 6. exd5 exd5 7. Qe2+ Be7 8.
dxc5 Qxc5 9. Nb3 Qd6 10. Nbd4 Nf6 11. Qc2 Nxd4 12. Nxd4 Qe5+ 13. Be3 O-O 14.
Bd3 g6 15. Nf3 Qc7 16. Bd4 Re8 17. O-O Nh5 18. Rfe1 Ng7 19. Qd2 Ne6 20. Be5 Qb6
21. b4 Bd7 22. Bc2 Bc6 23. Bb3 Rad8 24. Nd4 Nxd4 25. Bxd4 Qc7 26. Rad1 b6 27.
h3 Qd7 28. Qf4 g5 29. Qe5 f6 30. Qg3 Kf7 31. Bc2 h6 32. Qd3 f5 33. Qxf5+ Qxf5
34. Bxf5 Bd6 35. g4 Bb5 36. Bc2 Bc4 37. a4 Bf4 38. Be3 Bc7 39. Bd4 Bf4 40. Be3
Be5 41. Bd2 d4 42. cxd4 Bxd4 43. Bc1 Rxe1+ 44. Rxe1 Bc3 45. Re4 Bd5 46. Re3
Bxb4 47. Rd3 Ke7 48. Bb2 Rd6 49. Be5 Rd7 50. Bg7 Rd6 51. Bxh6 Kf6 52. Bf8 Re6
53. Bxb4 a5 54. Bc3+ 1-0

[Event "Frankfurt Ch 2014"]
[Site "Ffm-Höchst, BiKuZ"]
[Date "2014.05.26"]
[Round "5.53"]
[White "Günther, Rainer"]
[Black "Stulken, Dietmar"]
[Result "1-0"]
[WhiteElo "1572"]
[BlackElo "1391"]
[PlyCount "77"]
[EventDate "2014.??.??"]
[WhiteTeam "SV Mainz-Mombach"]
[BlackTeam "SF Frankfurt 1921"]

1. e4 e5 2. Bc4 Nf6 3. d3 c6 4. c3 d5 5. exd5 cxd5 6. Bb3 Nc6 7. h3 Be6 8. Ne2
Bd6 9. Bg5 h6 10. Bh4 O-O 11. Nd2 Be7 12. O-O Re8 13. Ba4 Bf5 14. Nf3 Qd6 15.
Bg3 Nd7 16. d4 Bf6 17. dxe5 Ndxe5 18. Nfd4 Bd7 19. Nb5 Qb8 20. Qxd5 Be6 21. Qe4
a6 22. Nbd4 Qc8 23. Bxe5 Bxh3 24. Nxc6 Bd7 25. Bc2 Bxc6 26. Qh7+ Kf8 27. Bxf6
gxf6 28. Qxh6+ Ke7 29. Nf4 Kd8 30. Qxf6+ Kc7 31. Rad1 Rg8 32. Qe5+ Kb6 33. Qe3+
Kc7 34. Nd5+ Bxd5 35. Rxd5 Qg4 36. Qe7+ Kb8 37. Rd8+ Rxd8 38. Qxd8+ Ka7 39.
Qd4+ 1-0

[Event "Frankfurt Ch 2014"]
[Site "Ffm-Höchst, BiKuZ"]
[Date "2014.05.26"]
[Round "5.54"]
[White "Mehl, Ulrich"]
[Black "Lessmann, Sven"]
[Result "0-1"]
[WhiteElo "1570"]
[BlackElo "1365"]
[PlyCount "78"]
[EventDate "2014.??.??"]
[WhiteTeam "SAbt TSG Nieder-Erlenbach 1888"]
[BlackTeam "SC Bad Soden"]

1. d4 d5 2. c4 c6 3. cxd5 cxd5 4. Bf4 Nc6 5. Nc3 Nf6 6. e3 e6 7. Nf3 Be7 8. Rc1
Nh5 9. Bg3 Nxg3 10. hxg3 O-O 11. Bd3 g6 12. a3 a6 13. Ke2 Qd6 14. Rh2 Kg7 15.
Qc2 e5 16. Rch1 Rh8 17. dxe5 Nxe5 18. Nxe5 Qxe5 19. f4 Bg4+ 20. Kf2 Qe6 21. Be2
Bf5 22. Qb3 Rad8 23. Rd1 Bc5 24. Na4 Ba7 25. Qc3+ f6 26. Nc5 Qe7 27. Nb3 Bc2
28. Nd4 Bxd1 29. Bxd1 Rc8 30. Qd3 Rc1 31. Rh1 Re8 32. Re1 Bxd4 33. Qxd4 Qe4 34.
Qd2 Rc7 35. Bb3 Rd8 36. Qa5 Rcd7 37. Rd1 d4 38. Rxd4 Rxd4 39. exd4 Qxd4+ 0-1